[Event "Quebec op U1700"]
[Site "Montreal CAN"]
[Date "2016.07.28"]
[Round "7.3"]
[White "Zheng, Richard"]
[Black "Turgeon, Yoakim"]
[Result "1/2-1/2"]
[WhiteElo "1398"]
[BlackElo "1675"]
[PlyCount "105"]
[EventDate "2016.07.23"]
[EventType "swiss"]
[EventRounds "8"]
[EventCountry "CAN"]

1. e4 e5 2. Nf3 Nc6 3. Bc4 Bc5 4. Nc3 Nf6 5. O-O O-O 6. d3 d6 7. h3 Be6 8. Bb3
d5 9. exd5 Nxd5 10. Bxd5 Bxd5 11. Be3 Bb6 12. Bxb6 axb6 13. a3 Re8 14. Nxd5
Qxd5 15. Re1 Rad8 16. Qe2 Nd4 17. Nxd4 Qxd4 18. Rab1 Rd6 19. Qe4 Qxe4 20. Rxe4
f5 21. Re2 Rde6 22. Rbe1 e4 23. dxe4 Rxe4 24. Rxe4 Rxe4 25. Rxe4 fxe4 26. Kf1
Kf7 27. Ke2 Ke6 28. Ke3 Ke5 29. b3 b5 30. c3 c6 31. f3 exf3 32. Kxf3 c5 33. Ke3
h6 34. g3 g6 35. Kf3 Kf5 36. Ke3 Ke5 37. Kf3 Kf5 38. Ke3 g5 39. g4+ Ke5 40. c4
b4 41. axb4 cxb4 42. c5 Kd5 43. Kd3 Kxc5 44. Ke4 b6 45. Ke5 b5 46. Ke4 Kd6 47.
Kd4 Kc6 48. Ke4 Kc5 49. Ke5 Kc6 50. Ke6 Kc5 51. Ke5 Kc6 52. Ke6 Kc5 53. Ke5
1/2-1/2

[Event "Quebec op U1700"]
[Site "Montreal CAN"]
[Date "2016.07.28"]
[Round "7.4"]
[White "Lesage, Philippe"]
[Black "Blanchette, Rene"]
[Result "1/2-1/2"]
[WhiteElo "1689"]
[BlackElo "1610"]
[PlyCount "82"]
[EventDate "2016.07.23"]
[EventType "swiss"]
[EventRounds "8"]
[EventCountry "CAN"]

1. c4 Nf6 2. Nc3 c5 3. Nf3 e6 4. d4 cxd4 5. Nxd4 a6 6. a3 Qc7 7. e4 Be7 8. g3
O-O 9. Be3 b6 10. Rc1 Bb7 11. Bg2 d6 12. O-O Nbd7 13. Qe2 Rac8 14. f3 Rfe8 15.
b3 Bf8 16. Qf2 Ne5 17. Rfd1 Nfd7 18. Na4 Nc5 19. Nxc5 dxc5 20. Nc2 Red8 21. Qe2
Nc6 22. Bh3 Rxd1+ 23. Rxd1 Rd8 24. Bg5 Be7 25. Bxe7 Qxe7 26. Rd3 e5 27. Kf2 Nd4
28. Qd2 h6 29. Ne3 Qf6 30. Nf5 Bc8 31. Kg2 Bxf5 32. Bxf5 g6 33. Qxh6 Rd6 34.
Bg4 b5 35. Qd2 bxc4 36. bxc4 Rb6 37. Qe3 Rb2+ 38. Rd2 Qb6 39. Rxb2 Qxb2+ 40.
Kh3 Kg7 41. f4 Qc2 1/2-1/2

[Event "Quebec op U1700"]
[Site "Montreal CAN"]
[Date "2016.07.28"]
[Round "7.5"]
[White "Milosz, Jerzy"]
[Black "Lima-Barbosa, Raphael"]
[Result "0-1"]
[WhiteElo "1590"]
[BlackElo "1663"]
[PlyCount "128"]
[EventDate "2016.07.23"]
[EventType "swiss"]
[EventRounds "8"]
[EventCountry "CAN"]

1. e4 c6 2. d4 d5 3. exd5 cxd5 4. c4 Nf6 5. Nc3 e6 6. Nf3 Be7 7. a3 O-O 8. Be2
dxc4 9. Bxc4 a6 10. O-O b5 11. Bb3 Bb7 12. Be3 Nd5 13. Nxd5 Bxd5 14. Bxd5 Qxd5
15. Rc1 Nc6 16. Qe2 Na5 17. Nd2 Rac8 18. Qd3 Rc6 19. Rxc6 Nxc6 20. Qe4 Rd8 21.
Qxd5 Rxd5 22. Nf3 Na5 23. Rc1 Nc4 24. Rc2 Kf8 25. Kf1 Bd8 26. Nd2 Na5 27. Rc5
Rd7 28. Ke2 Bb6 29. Rc8+ Ke7 30. b4 Nb7 31. Rc6 Rd6 32. Rxd6 Kxd6 33. Kd3 Kd5
34. Nb1 f5 35. Nc3+ Kc6 36. Bf4 Bd8 37. Be5 g5 38. f3 Be7 39. h3 Nd6 40. Bxd6
Bxd6 41. g4 Bf4 42. gxf5 exf5 43. a4 h5 44. axb5+ axb5 45. d5+ Kb6 46. Ne2 Bd6
47. Kc3 g4 48. fxg4 fxg4 49. hxg4 hxg4 50. Kd4 g3 51. Ke3 Kc7 52. Kf3 Be5 53.
Ke4 Kd6 54. Ng1 Bc3 55. Ne2 Be1 56. Nf4 Bxb4 57. Kd4 Bc5+ 58. Ke4 b4 59. Kf3
Bf2 60. Ke2 b3 61. Kd3 b2 62. Kc2 Bd4 63. Kb1 Ke5 64. Ng2 Kxd5 0-1

[Event "Quebec op U1700"]
[Site "Montreal CAN"]
[Date "2016.07.28"]
[Round "7.6"]
[White "Plante, Marc-Eric"]
[Black "Omichi, Haruaki"]
[Result "0-1"]
[WhiteElo "1633"]
[BlackElo "1360"]
[PlyCount "64"]
[EventDate "2016.07.23"]
[EventType "swiss"]
[EventRounds "8"]
[EventCountry "CAN"]

1. e4 c5 2. Nf3 Nc6 3. d4 cxd4 4. Nxd4 g6 5. c4 Bg7 6. Be3 Nf6 7. Nc3 O-O 8.
Be2 d6 9. O-O Bd7 10. Qd2 Rc8 11. f4 Nxd4 12. Bxd4 Bc6 13. Bd3 Nd7 14. Bxg7
Kxg7 15. f5 Nc5 16. Nd5 Bxd5 17. exd5 Qb6 18. Kh1 Nxd3 19. Qxd3 Qxb2 20. Rab1
Qxa2 21. Rxb7 Qxc4 22. Qf3 Rc7 23. f6+ exf6 24. Qxf6+ Kg8 25. Rbb1 Qxd5 26.
Rbd1 Qe6 27. Qf4 Rc4 28. Qf2 Rc7 29. Qf4 Qe5 30. Qh6 Re8 31. Qh4 Rc2 32. Rd3
Qe2 0-1

[Event "Quebec op U1700"]
[Site "Montreal CAN"]
[Date "2016.07.28"]
[Round "7.7"]
[White "Kartobi, Youcef"]
[Black "Zhong, Kevin"]
[Result "1/2-1/2"]
[WhiteElo "1534"]
[BlackElo "1519"]
[PlyCount "54"]
[EventDate "2016.07.23"]
[EventType "swiss"]
[EventRounds "8"]
[EventCountry "CAN"]

1. d4 d5 2. c4 e6 3. Nf3 c5 4. cxd5 exd5 5. g3 Nc6 6. Bg2 Nf6 7. O-O Be7 8. Nc3
O-O 9. dxc5 Bxc5 10. Bg5 d4 11. Ne4 Be7 12. Nxf6+ Bxf6 13. Bxf6 Qxf6 14. Qd2
Bf5 15. Nh4 Be6 16. a4 Rfd8 17. a5 a6 18. Rac1 Rac8 19. Rc5 Ne5 20. Rxc8 Bxc8
21. Rc1 Nc6 22. Rc5 Qd6 23. Rd5 Qc7 24. Rc5 Qd6 25. Rd5 Qc7 26. Rc5 Qd6 27. Rd5
Qc7 1/2-1/2

[Event "Quebec op U1700"]
[Site "Montreal CAN"]
[Date "2016.07.28"]
[Round "7.8"]
[White "Raduica, Gheorghe"]
[Black "Germain, Max jr"]
[Result "1-0"]
[WhiteElo "1546"]
[BlackElo "1411"]
[PlyCount "110"]
[EventDate "2016.07.23"]
[EventType "swiss"]
[EventRounds "8"]
[EventCountry "CAN"]

1. e4 c5 2. Nf3 e6 3. Nc3 Nc6 4. Bc4 d6 5. O-O a6 6. a4 Na5 7. Be2 Bd7 8. d4
cxd4 9. Nxd4 e5 10. Nf3 Nf6 11. Bg5 h6 12. Be3 Ng4 13. Nd5 Nxe3 14. Nxe3 Be6
15. b4 Nc6 16. b5 axb5 17. Bxb5 Be7 18. Nd5 O-O 19. Nxe7+ Qxe7 20. c3 Rfd8 21.
c4 f5 22. Re1 f4 23. h3 Na5 24. Qd3 Rac8 25. Nd2 Rc5 26. Rac1 Rdc8 27. Rc3 Kh8
28. Rec1 Kg8 29. Nb3 Nxb3 30. Rxb3 Qc7 31. Rbc3 Kh8 32. Kf1 g5 33. Qe2 Qf7 34.
Kg1 h5 35. f3 Qg8 36. Qd1 Rd8 37. R1c2 Rc7 38. Rd2 d5 39. exd5 Bf5 40. Qe1 Qg7
41. Re2 Re7 42. Qd2 g4 43. fxg4 hxg4 44. hxg4 Qxg4 45. Rh3+ Rh7 46. Rxh7+ Kxh7
47. Rxe5 Rg8 48. Re7+ Kh6 49. c5 Kh5 50. Bf1 Qh4 51. Re2 Kg5 52. Qd4 Rh8 53.
Qg7+ Bg6 54. Qe7+ Kg4 55. Qxh4+ Rxh4 1-0

[Event "Quebec op U1700"]
[Site "Montreal CAN"]
[Date "2016.07.28"]
[Round "7.9"]
[White "Houle, Sebastien"]
[Black "Stoyanova, Stela"]
[Result "1-0"]
[WhiteElo "1492"]
[BlackElo "1474"]
[PlyCount "69"]
[EventDate "2016.07.23"]
[EventType "swiss"]
[EventRounds "8"]
[EventCountry "CAN"]

1. e4 e6 2. c4 Nc6 3. d4 d5 4. exd5 exd5 5. c5 g6 6. Nf3 Bg7 7. h3 Qe7+ 8. Be2
Nh6 9. Bg5 f6 10. Bf4 Nf7 11. Nc3 O-O 12. O-O Be6 13. Rb1 g5 14. Bh2 Nh6 15.
Re1 f5 16. Bd3 Nb4 17. Nb5 f4 18. Nxc7 Qxc7 19. Rxe6 Bf6 20. a3 Nc6 21. Rxf6
Rxf6 22. Nxg5 Nf5 23. Qg4 Rg6 24. Bxf5 Re8 25. Bxg6 hxg6 26. Bxf4 Qa5 27. Be3
Qd8 28. h4 Qe7 29. Qf3 Rd8 30. b4 Qd7 31. g3 Rf8 32. Qd1 Qf5 33. Rb2 Nd8 34.
Qb1 Qf7 35. Nxf7 1-0

[Event "Quebec op U1700"]
[Site "Montreal CAN"]
[Date "2016.07.28"]
[Round "7.10"]
[White "Langlois, Jean-Marie"]
[Black "Bureau, Robert"]
[Result "0-1"]
[WhiteElo "1373"]
[BlackElo "1445"]
[PlyCount "112"]
[EventDate "2016.07.23"]
[EventType "swiss"]
[EventRounds "8"]
[EventCountry "CAN"]

1. d4 Nf6 2. Bf4 d5 3. e3 e6 4. Bd3 c6 5. Nf3 Nbd7 6. h3 c5 7. O-O b6 8. c4 Bb7
9. Nc3 dxc4 10. Bxc4 Be7 11. dxc5 Bxc5 12. Nb5 O-O 13. Be2 a6 14. Nc3 Rc8 15.
Rc1 Be7 16. Bd6 Bxd6 17. Qxd6 Nc5 18. Qd1 Qxd1 19. Rfxd1 Rfd8 20. Ne5 b5 21. b4
Rxd1+ 22. Rxd1 Nce4 23. Nxe4 Bxe4 24. f3 Bd5 25. e4 Bxa2 26. Ra1 Rc2 27. Bd3
Rd2 28. Rc1 g5 29. Rc8+ Kg7 30. Ra8 Nh5 31. Ra7 Kf6 32. Ng4+ Kg7 33. Nf2 Nf4
34. Bf1 Bc4 35. Rxa6 Bxf1 36. Kxf1 Rb2 37. Ra1 Rxb4 38. g3 Ng6 39. Nd3 Rb3 40.
Ke2 Ne7 41. Kd2 Nc6 42. Rf1 f6 43. Nc5 Rb2+ 44. Kc3 Rg2 45. Nxe6+ Kf7 46. Nc7
Rxg3 47. Nxb5 Rxh3 48. Nd6+ Ke6 49. Nf5 Ne5 50. Nd4+ Kf7 51. Kd2 Rh2+ 52. Ke3
h5 53. Rg1 h4 54. Nf5 Ra2 55. Nh6+ Kg6 56. Nf5 Ra3+ 0-1

[Event "Quebec op U1700"]
[Site "Montreal CAN"]
[Date "2016.07.28"]
[Round "7.11"]
[White "Yu, Xi Ming"]
[Black "Tsanaclis, Albert"]
[Result "1-0"]
[WhiteElo "1492"]
[BlackElo "1692"]
[PlyCount "79"]
[EventDate "2016.07.23"]
[EventType "swiss"]
[EventRounds "8"]
[EventCountry "CAN"]

1. e4 c5 2. Nf3 Nc6 3. d4 cxd4 4. Nxd4 Nxd4 5. Qxd4 d6 6. Nc3 Nf6 7. Be3 Bd7 8.
Bc4 g6 9. h3 Bg7 10. Qd2 Bc6 11. Bh6 O-O 12. Bxg7 Kxg7 13. Bd3 Qb6 14. O-O-O d5
15. e5 Ne4 16. Bxe4 dxe4 17. Qd4 Qa5 18. a3 Rad8 19. Qe3 Qxe5 20. Qxa7 Qg5+ 21.
Qe3 Qxg2 22. Rde1 f5 23. Rhg1 Qh2 24. Rh1 Qe5 25. Rhg1 Qf6 26. Na2 Rd7 27. Nb4
Ba4 28. Rd1 Rfd8 29. Rxd7 Rxd7 30. Qa7 Bb5 31. Qc5 Be2 32. Re1 Bf3 33. Qb5 Qd4
34. Kb1 Qd2 35. Rc1 Qd6 36. c4 Rc7 37. c5 Qe5 38. a4 f4 39. c6 e3 40. Qxe5+ 1-0

[Event "Quebec op U1700"]
[Site "Montreal CAN"]
[Date "2016.07.28"]
[Round "7.12"]
[White "Piche, Guy"]
[Black "Chira, Dan"]
[Result "0-1"]
[WhiteElo "1649"]
[BlackElo "1447"]
[PlyCount "52"]
[EventDate "2016.07.23"]
[EventType "swiss"]
[EventRounds "8"]
[EventCountry "CAN"]

1. f4 d5 2. Nf3 e6 3. e3 Nf6 4. b3 Be7 5. Bb2 c5 6. c4 O-O 7. h3 Ne4 8. h4 Bf6
9. Be5 Nc6 10. d3 Nxe5 11. fxe5 Ng3 12. Rh3 Nxf1 13. Kxf1 Be7 14. d4 dxc4 15.
bxc4 f6 16. Nbd2 fxe5 17. dxe5 Qd3+ 18. Qe2 Qc3 19. Re1 Qxe5 20. Kg1 Qc7 21.
Ng5 e5 22. Rh1 h6 23. Qh5 Qc6 24. Nge4 Bf5 25. Ng3 Qe6 26. e4 Bg4 0-1

[Event "Quebec op U1700"]
[Site "Montreal CAN"]
[Date "2016.07.28"]
[Round "7.13"]
[White "Richard, Leo"]
[Black "Charette, Nicolas"]
[Result "0-1"]
[WhiteElo "1475"]
[BlackElo "1538"]
[PlyCount "150"]
[EventDate "2016.07.23"]
[EventType "swiss"]
[EventRounds "8"]
[EventCountry "CAN"]

1. e4 e5 2. Nf3 Nf6 3. Nxe5 d6 4. Nf3 Nxe4 5. d4 d5 6. Bd3 Be7 7. O-O O-O 8. c4
Nf6 9. Re1 Nc6 10. Nc3 Nb4 11. cxd5 Nfxd5 12. Bc4 Nb6 13. Bb3 Bg4 14. Qe2 Bf6
15. Bf4 Qd7 16. Ne5 Bxe5 17. Qxe5 Nd3 18. Qxc7 Nxe1 19. Rxe1 Rfe8 20. Rxe8+
Rxe8 21. h3 Qxc7 22. Bxc7 Na8 23. Be5 Bd7 24. Ne4 Bc6 25. Nd6 Re7 26. Nf5 Rd7
27. Nxg7 Kf8 28. Nf5 Nb6 29. Ne3 Ba4 30. Bxa4 Nxa4 31. d5 Nb6 32. d6 Nc8 33.
Nf5 Nb6 34. Ne3 Nc8 35. Nf5 a6 36. Kh2 Na7 37. Kg3 Nb5 38. Kh4 Kg8 39. Kg5 b6
40. a4 Na7 41. Bg7 Nc8 42. Kf6 h5 43. Ne7+ Nxe7 44. dxe7 Rd6+ 45. Kf5 Re6 46.
Bf6 Kh7 47. Kg5 h4 48. Kxh4 Kg6 49. Bg5 Re4+ 50. g4 b5 51. axb5 axb5 52. f4 f6
53. f5+ Kg7 54. Bd2 Rxe7 55. Bc3 Re4 56. Kh5 b4 57. Bd2 b3 58. Bc3 Rc4 59. Be1
Rc2 60. h4 Kh7 61. g5 fxg5 62. hxg5 Rh2+ 63. Kg4 Rxb2 64. Bc3 Rg2+ 65. Kh5 Rh2+
66. Kg4 b2 67. Bxb2 Rxb2 68. Kf4 Rb5 69. Ke4 Kg7 70. Kf4 Kf7 71. Ke4 Ke7 72.
Kf4 Rb4+ 73. Ke5 Rg4 74. g6 Rg5 75. Kf4 Kf6 0-1

[Event "Quebec op U1700"]
[Site "Montreal CAN"]
[Date "2016.07.28"]
[Round "7.15"]
[White "Shahabi, Shahab"]
[Black "Moreau, Michel"]
[Result "1/2-1/2"]
[WhiteElo "1516"]
[BlackElo "1428"]
[PlyCount "40"]
[EventDate "2016.07.23"]
[EventType "swiss"]
[EventRounds "8"]
[EventCountry "CAN"]

1. e4 c6 2. d4 d5 3. Nc3 dxe4 4. Nxe4 Nd7 5. Nf3 Ngf6 6. Ng3 e6 7. Bc4 Bb4+ 8.
c3 Be7 9. O-O O-O 10. Re1 Nb6 11. Bb3 Qc7 12. h3 Bd6 13. Ne4 Nxe4 14. Rxe4 Nd5
15. Bxd5 exd5 16. Rh4 Bf5 17. g3 Bxg3 18. Rh5 Bg6 19. Rg5 Bf4 20. Bxf4 Qxf4
1/2-1/2

[Event "Quebec op U1700"]
[Site "Montreal CAN"]
[Date "2016.07.28"]
[Round "7.16"]
[White "Sonn, Eric"]
[Black "Perreault, Jacques"]
[Result "1-0"]
[WhiteElo "1506"]
[BlackElo "1389"]
[PlyCount "29"]
[EventDate "2016.07.23"]
[EventType "swiss"]
[EventRounds "8"]
[EventCountry "CAN"]

1. e4 g6 2. d4 c5 3. Nf3 cxd4 4. Qxd4 Nf6 5. Nc3 Nc6 6. Qd1 Bg7 7. g3 O-O 8.
Bg2 d6 9. O-O Bg4 10. h3 Bd7 11. Be3 Qc7 12. Qd2 Rfd8 13. Rad1 Na5 14. b3 Ne8
15. Nd5 1-0

[Event "Quebec op U1700"]
[Site "Montreal CAN"]
[Date "2016.07.28"]
[Round "7.17"]
[White "Cloutier, Jean-Pierre"]
[Black "Bergeron, Jean-Guy"]
[Result "1-0"]
[WhiteElo "1637"]
[BlackElo "1453"]
[PlyCount "101"]
[EventDate "2016.07.23"]
[EventType "swiss"]
[EventRounds "8"]
[EventCountry "CAN"]

1. e4 Nc6 2. Nc3 Nf6 3. Nf3 d5 4. exd5 Nxd5 5. d4 Nxc3 6. bxc3 Bg4 7. h3 Bh5 8.
Ba3 Qd5 9. Be2 Qa5 10. Bb2 Rd8 11. O-O g5 12. Re1 g4 13. hxg4 Bxg4 14. Nh2 h5
15. Nxg4 hxg4 16. Bxg4 Qg5 17. Qf3 Rh4 18. Bh3 Rd6 19. Qf5 Qxf5 20. Bxf5 Rdh6
21. g3 Rh1+ 22. Kg2 R1h2+ 23. Kf3 Rf6 24. Kg4 Rxf2 25. Bd3 Kd7 26. d5 Nd8 27.
c4 c5 28. Bxf6 Rxf6 29. Rf1 Ra6 30. a4 Bg7 31. Ra2 Be5 32. Bf5+ Kc7 33. Rb1 Rh6
34. a5 Rh8 35. Ra3 Rg8+ 36. Kh3 Rh8+ 37. Kg2 Rh5 38. Rf3 f6 39. Rb5 Bd6 40. a6
b6 41. Rb1 Rg5 42. Rh1 Nf7 43. Be6 Nd8 44. Bf5 Nf7 45. Rh7 Nd8 46. Bh3 Re5 47.
Rxf6 Re2+ 48. Kf1 Rxc2 49. Rf8 Ra2 50. Rxd8 Rxa6 51. Rd7+ 1-0

[Event "Quebec op U1700"]
[Site "Montreal CAN"]
[Date "2016.07.28"]
[Round "7.19"]
[White "Tremblay, Mario"]
[Black "Pellerin-Leclerc, Jonathan"]
[Result "1-0"]
[WhiteElo "1631"]
[BlackElo "1339"]
[PlyCount "91"]
[EventDate "2016.07.23"]
[EventType "swiss"]
[EventRounds "8"]
[EventCountry "CAN"]

1. e4 e5 2. Nf3 Nf6 3. Nc3 Bb4 4. d3 Nc6 5. Be2 d5 6. exd5 Nxd5 7. Bd2 O-O 8.
O-O Nxc3 9. bxc3 Bc5 10. Re1 Be6 11. Ng5 h6 12. Nxe6 fxe6 13. Bf3 Qd6 14. Be3
Rad8 15. Be4 Rf6 16. Qh5 Rdf8 17. f3 Bxe3+ 18. Rxe3 Qc5 19. d4 Qb6 20. Bxc6
exd4 21. cxd4 Qxc6 22. c3 Rf5 23. Qg4 Qc4 24. Qe4 Rb5 25. Qxe6+ Qxe6 26. Rxe6
Rb2 27. d5 Rd8 28. c4 Rc2 29. Re4 a6 30. a4 a5 31. Rd1 b6 32. h3 Kf7 33. Rde1
Rd7 34. R1e2 Rxe2 35. Rxe2 Re7 36. Kf2 Kf6 37. Rxe7 Kxe7 38. Ke3 Kd6 39. Kd4
c5+ 40. dxc6 Kxc6 41. f4 Kd6 42. g4 g6 43. f5 g5 44. f6 Ke6 45. f7 Kxf7 46. Kd5
1-0

[Event "Quebec op U1700"]
[Site "Montreal CAN"]
[Date "2016.07.28"]
[Round "7.20"]
[White "Duplessis, Claude"]
[Black "Chang, Alexander"]
[Result "0-1"]
[WhiteElo "1516"]
[BlackElo "1396"]
[PlyCount "52"]
[EventDate "2016.07.23"]
[EventType "swiss"]
[EventRounds "8"]
[EventCountry "CAN"]

1. e4 e5 2. Nf3 Nc6 3. Bb5 a6 4. Ba4 Nf6 5. O-O b5 6. Bb3 Be7 7. Re1 d6 8. h3
O-O 9. c3 Na5 10. Bc2 c5 11. d4 Nc6 12. d5 Nb8 13. Nbd2 Nbd7 14. Nf1 c4 15. b4
Re8 16. Ng3 Nf8 17. a4 Bd7 18. Nh4 Nh5 19. Nhf5 Nxg3 20. Nxe7+ Qxe7 21. fxg3
Ng6 22. Qh5 Nh8 23. Rf1 Rf8 24. g4 Be8 25. g5 f5 26. gxf6 Qa7+ 0-1

[Event "Quebec op U1700"]
[Site "Montreal CAN"]
[Date "2016.07.28"]
[Round "7.21"]
[White "Legault, Simon"]
[Black "Dion, Yves"]
[Result "1-0"]
[WhiteElo "1399"]
[BlackElo "1431"]
[PlyCount "75"]
[EventDate "2016.07.23"]
[EventType "swiss"]
[EventRounds "8"]
[EventCountry "CAN"]

1. e4 c5 2. Nc3 Nc6 3. g3 g6 4. Bg2 Bg7 5. d3 e6 6. f4 Nge7 7. Nf3 d6 8. O-O
O-O 9. Ne2 b5 10. c3 Bb7 11. Rb1 Qc7 12. g4 d5 13. e5 f6 14. exf6 Rxf6 15. g5
Rf7 16. Qe1 Re8 17. d4 cxd4 18. cxd4 Nf5 19. Ne5 Rfe7 20. Qf2 Qb6 21. Rd1 Nxe5
22. fxe5 Rf7 23. Bd2 Ba6 24. Bb4 Qd8 25. h4 Bf8 26. Bxf8 Rexf8 27. Nf4 Qb6 28.
Nxd5 Qd8 29. Nf6+ Kh8 30. d5 Rc7 31. d6 Rc4 32. Qxa7 Ng7 33. Qxa6 Qb8 34. Nd7
Qc8 35. Qxc8 Rfxc8 36. Nb6 Nf5 37. Nxc4 Rxc4 38. d7 1-0

[Event "Quebec op U1700"]
[Site "Montreal CAN"]
[Date "2016.07.28"]
[Round "7.22"]
[White "Nanescu, Marin"]
[Black "Wang, Isabelle"]
[Result "1/2-1/2"]
[WhiteElo "1403"]
[BlackElo "1335"]
[PlyCount "62"]
[EventDate "2016.07.23"]
[EventType "swiss"]
[EventRounds "8"]
[EventCountry "CAN"]

1. e4 e5 2. Bc4 Bc5 3. Nf3 Nc6 4. Nc3 Nf6 5. h3 h6 6. O-O O-O 7. d3 d6 8. Nd2
Nd4 9. Nb3 Nxb3 10. Bxb3 Be6 11. Bxe6 fxe6 12. Ne2 d5 13. Ng3 Qe7 14. Bd2 Nd7
15. Qg4 Kh7 16. c3 Rf6 17. Qe2 Rg6 18. Be3 Bxe3 19. Qxe3 a6 20. Rac1 c6 21. Ne2
Re8 22. a3 c5 23. c4 d4 24. Qd2 b6 25. Ng3 Rf6 26. Rc2 Nf8 27. Nh5 Rf7 28. Qe2
Ng6 29. Kh2 Nf4 30. Nxf4 Rxf4 31. f3 Ref8 1/2-1/2

[Event "Quebec op U1700"]
[Site "Montreal CAN"]
[Date "2016.07.28"]
[Round "7.23"]
[White "Bond, Yvon"]
[Black "Page, Dany"]
[Result "0-1"]
[WhiteElo "1343"]
[BlackElo "1291"]
[PlyCount "144"]
[EventDate "2016.07.23"]
[EventType "swiss"]
[EventRounds "8"]
[EventCountry "CAN"]

1. d4 Nf6 2. Nf3 g6 3. Nbd2 Bg7 4. e4 d6 5. Bd3 O-O 6. O-O Nbd7 7. Re1 Nb6 8.
b3 c5 9. Bb2 cxd4 10. Bxd4 Bg4 11. Rc1 d5 12. e5 Nfd7 13. h3 Bxf3 14. Nxf3 e6
15. Qe2 Rc8 16. c4 dxc4 17. bxc4 Nc5 18. Bb1 Nbd7 19. Red1 Qc7 20. Re1 b6 21.
Nd2 Nb7 22. Nb3 Nbc5 23. Qe3 Rfd8 24. f4 Bh6 25. Rf1 Nf8 26. Nxc5 bxc5 27. Bc3
Rd7 28. Qe1 Qd8 29. Bc2 Qe7 30. Qf2 Rb7 31. Rcd1 Rd7 32. Rb1 Bg7 33. Rb3 Rb7
34. Ra3 Rcb8 35. Ra5 Rc8 36. Rd1 Nd7 37. Rd6 Bf8 38. Be4 Rbc7 39. Rda6 Nb6 40.
Qe2 Rd8 41. Bc2 Qd7 42. Rb5 Rb7 43. Rb1 Qe7 44. Ba5 Qc7 45. Bc3 Qd7 46. Ra3
Rdb8 47. Be4 Rc7 48. Rab3 Rcc8 49. Qf3 Qa4 50. Qe2 Qd7 51. Bc2 Qe8 52. Rb5 Nd7
53. a4 Rxb5 54. axb5 Nb6 55. Ra1 Qd7 56. Rd1 Qc7 57. Ra1 Rd8 58. Be4 Qe7 59.
Ra3 Qc7 60. Ra1 Rd7 61. Bc2 Rd8 62. Ba5 Rd4 63. Bxb6 Qxb6 64. Qf1 Bg7 65. Ra6
Qb7 66. Rc6 Qd7 67. Rxc5 Bf8 68. Rc6 Rd2 69. Bb3 Qd4+ 70. Kh1 Rf2 71. Qg1 Qxf4
72. g3 Qf3+ 0-1

[Event "Quebec op U1700"]
[Site "Montreal CAN"]
[Date "2016.07.28"]
[Round "7.24"]
[White "Grenier, Marcel"]
[Black "Frangakis, Evan"]
[Result "0-1"]
[WhiteElo "1528"]
[BlackElo "1575"]
[PlyCount "108"]
[EventDate "2016.07.23"]
[EventType "swiss"]
[EventRounds "8"]
[EventCountry "CAN"]

1. e4 c6 2. d4 d5 3. Nc3 dxe4 4. Nxe4 Bf5 5. Ng3 Bg6 6. Nf3 Nd7 7. Bd3 Bxd3 8.
Qxd3 Ngf6 9. O-O e6 10. c3 Be7 11. Be3 O-O 12. a3 Qc7 13. Rad1 Rad8 14. Qc2 c5
15. dxc5 Bxc5 16. Bxc5 Nxc5 17. Rxd8 Rxd8 18. Rd1 Rd6 19. Rxd6 Qxd6 20. h3 Qd3
21. Qxd3 Nxd3 22. b4 b5 23. Nd2 Nb2 24. Ne2 Nd5 25. Nb1 e5 26. g4 f6 27. Kg2
Kf7 28. Kg3 Ke6 29. h4 g6 30. h5 gxh5 31. gxh5 Kf5 32. Kf3 Ke6 33. Kg4 Nd3 34.
Kf3 f5 35. Kg3 Kf6 36. f3 Kg5 37. h6 Kxh6 38. Kh4 Kg6 39. Ng3 Ne1 40. Kh3 Nxf3
41. Kg2 Ne1+ 42. Kf2 Nd3+ 43. Ke2 N5f4+ 44. Kd2 h5 45. Kc2 h4 46. Nf1 Kg5 47.
Kb3 h3 48. a4 a6 49. Nbd2 e4 50. c4 bxc4+ 51. Nxc4 e3 52. Nh2 e2 53. b5 axb5
54. axb5 Kf6 0-1

[Event "Quebec op U1700"]
[Site "Montreal CAN"]
[Date "2016.07.29"]
[Round "8.47"]
[White "Robillard, Jean-Philippe"]
[Black "Morin, Maxime"]
[Result "1-0"]
[WhiteElo "1529"]
[BlackElo "1583"]
[PlyCount "67"]
[EventDate "2016.07.23"]
[EventType "swiss"]
[EventRounds "8"]
[EventCountry "CAN"]

1. d4 d5 2. c4 e6 3. Nf3 Be7 4. Nc3 Nf6 5. Bg5 h6 6. Bxf6 Bxf6 7. e3 O-O 8. Bd3
b6 9. O-O Bb7 10. cxd5 exd5 11. b4 c5 12. bxc5 bxc5 13. Qb3 Qb6 14. Nxd5 Qxb3
15. Nxf6+ gxf6 16. axb3 Bxf3 17. gxf3 cxd4 18. Be4 Nd7 19. Bxa8 Rxa8 20. exd4
Kg7 21. Ra5 Kg6 22. Rfa1 Rg8 23. Rd5 Nf8 24. Rd8 Kg5 25. Kf1 Kf4 26. Ke2 Ne6
27. Rxg8 Nxd4+ 28. Kf1 Nxf3 29. Ra4+ Kf5 30. Kg2 Ne1+ 31. Kg3 Nd3 32. Rxa7 Ne5
33. Ra5 Ke4 34. Rxe5+ 1-0

[Event "Quebec op U1700"]
[Site "Montreal CAN"]
[Date "2016.07.29"]
[Round "8.48"]
[White "Turgeon, Yoakim"]
[Black "Blanchette, Rene"]
[Result "0-1"]
[WhiteElo "1675"]
[BlackElo "1610"]
[PlyCount "62"]
[EventDate "2016.07.23"]
[EventType "swiss"]
[EventRounds "8"]
[EventCountry "CAN"]

1. d4 Nf6 2. e3 b6 3. c3 Bb7 4. f4 e6 5. Nf3 Be7 6. Bd3 Ne4 7. O-O O-O 8. Nbd2
f5 9. Qc2 d5 10. Ne5 Nd7 11. Qd1 c5 12. Ndf3 Rc8 13. Qa4 Nxe5 14. Nxe5 Qc7 15.
Bb5 Rcd8 16. Nd7 Rf7 17. Qxa7 Rxd7 18. Bxd7 Qxd7 19. Qxb6 Bd8 20. Qb3 Ba6 21.
Re1 Qe7 22. g3 g5 23. Qc2 Qf6 24. dxc5 Nxc5 25. b3 Bb6 26. Kg2 Bd3 27. Qd2 Be4+
28. Kf1 gxf4 29. exf4 Nd3 30. Rd1 Qh6 31. Qe2 Qh3+ 0-1

[Event "Quebec op U1700"]
[Site "Montreal CAN"]
[Date "2016.07.29"]
[Round "8.49"]
[White "Lima-Barbosa, Raphael"]
[Black "Zheng, Richard"]
[Result "1/2-1/2"]
[WhiteElo "1663"]
[BlackElo "1398"]
[PlyCount "73"]
[EventDate "2016.07.23"]
[EventType "swiss"]
[EventRounds "8"]
[EventCountry "CAN"]

1. d4 Nf6 2. c4 e6 3. Nc3 d5 4. cxd5 exd5 5. Bg5 Be7 6. e3 O-O 7. Bd3 Be6 8.
Nge2 Nbd7 9. O-O h6 10. Bh4 b6 11. Nf4 c6 12. Rc1 Bd6 13. Nxe6 fxe6 14. f3 a6
15. e4 Bf4 16. Rc2 Be3+ 17. Bf2 Bxf2+ 18. Rfxf2 c5 19. exd5 Nxd5 20. Nxd5 exd5
21. dxc5 bxc5 22. Bf1 d4 23. Bc4+ Kh8 24. Be6 Nb6 25. b3 Qd6 26. Bc4 Nd5 27.
Bxd5 Qxd5 28. Qd3 Rfe8 29. Rfe2 a5 30. Qb5 Rxe2 31. Rxe2 d3 32. Rd2 Qd4+ 33.
Kf1 Qa1+ 34. Kf2 Qd4+ 35. Kf1 Qa1+ 36. Kf2 Qd4+ 37. Kf1 1/2-1/2

[Event "Quebec op U1700"]
[Site "Montreal CAN"]
[Date "2016.07.29"]
[Round "8.50"]
[White "Yu, Daniel-Tianqi"]
[Black "Omichi, Haruaki"]
[Result "1/2-1/2"]
[WhiteElo "1639"]
[BlackElo "1360"]
[PlyCount "130"]
[EventDate "2016.07.23"]
[EventType "swiss"]
[EventRounds "8"]
[EventCountry "CAN"]

1. e4 c5 2. Nf3 Nc6 3. d4 cxd4 4. Nxd4 g6 5. Nc3 Bg7 6. Be3 Nf6 7. Bc4 O-O 8.
O-O d6 9. f3 Bd7 10. Bb3 Nxd4 11. Bxd4 b5 12. a3 a5 13. a4 b4 14. Nd5 Nxd5 15.
Bxg7 Ne3 16. Qd4 Nxf1 17. Bxf8 Qxf8 18. Rxf1 Qg7 19. Qd5 Ra7 20. e5 Be6 21. Qb5
Ra8 22. Bxe6 fxe6 23. Qb7 Rf8 24. Re1 Qf7 25. Qb6 Qf4 26. Qxa5 Qd4+ 27. Kh1
Qxb2 28. exd6 exd6 29. Qb6 Qxc2 30. Qxb4 Qd3 31. h3 e5 32. Ra1 Rc8 33. a5 Qa6
34. Rd1 Rd8 35. Qb3+ Kf8 36. Kh2 Qxa5 37. Qe6 Qc7 38. Qf6+ Kg8 39. h4 Rd7 40.
Ra1 Qd8 41. Qe6+ Kg7 42. Kh3 Re7 43. Qd5 Qd7+ 44. Kh2 h5 45. Ra6 Re6 46. Rb6
Kf6 47. Rb7 Qc8 48. f4 Qc1 49. fxe5+ dxe5 50. Qd8+ Kf5 51. Rf7+ Ke4 52. Rf3 Qc4
53. Qd2 Rc6 54. Qg5 Kd5 55. Qd2+ Ke6 56. Qd8 e4 57. Rg3 Kf7 58. Ra3 Qc5 59.
Qd7+ Kf6 60. Qd8+ Kf7 61. Qd7+ Kf6 62. Qd8+ Qe7 63. Qh8+ Ke6 64. Re3 Qxh4+ 65.
Rh3 Qf4+ 1/2-1/2